000 00358nam a2200157Ia 4500
003 Ost
005 20260225132557.0
008 260225s9999||||xx |||||||||||||| ||und||
040 _cfsic
041 _afre
082 _a440
100 _aFRONCOIS
_eAuteur
245 0 _aFRANCOIS MITTERRAND ET LA GUERRE D4ALG2RIE /
245 0 _cFRONCOIS
942 _cكتاب
999 _c34550
_d34550